Evaluacion de la guia para el laboratorio electrico 1.

Spremljeno u:
Bibliografski detalji
Glavni autor: Azuola Quirós, Francisco
Daljnji autori: Forn Moraga, Francisco
Format: Knjiga
Izdano: [San José , Costa Rica] 1987
Oznake: Dodaj oznaku
Bez oznaka, Budi prvi tko označuje ovaj zapis!

MARC

LEADER 00000nam a2200000Ia 4500
003 004384
005 20221231144348.0
008 140114s1987 cr a m 000 ||s d
040 |c cru CEDI 
090 |a TFG 2015 
100 |a Azuola Quirós, Francisco  |9 13162 
245 |a Evaluacion de la guia para el laboratorio electrico 1. 
260 |c 1987  |a [San José , Costa Rica] 
300 |a vi, 123 hojas :ilustraciones  
500 |a Proyecto de graduación (bachiller en ingeniería eléctrica)--Universidad de Costa Rica. Facultad de Ingeniería. Escuela de Ingeniería Eléctrica 
700 |9 12765  |a Forn Moraga, Francisco 
942 |c TFG 
999 |c 20728  |d 20728